Quizzes
Events
Quiz Creation
Community
Videos
Private Events
Remove Ads
Sign In
Join for FREE
Feedback
Dark Mode
Quiz Categories
Sports
Geography
Music
Movies
Television
Just For Fun
Miscellaneous
History
Literature
Language
Science
Gaming
Entertainment
Religion
Holiday
For Kids
Quiz Lab
Recent
Popular Today
Quiz Kudos Today
Editor Picks
Curator Picks
Quizzes by...
Day
Popularity
Type
Ratings
Length
Year
Community
Subscriptions
Recent Discussions
Orange Saloon
Badges
Playlists
Quests
Create
Leaderboards
Showdown
Live 5
Trivia Bingo
Activity
Puzzle Library
Sporcle Events
Private Events
Virtual Trivia
Globe League
Become a Host
Pub Owners
SporcleCon
Opinionation
Our Games
Videos
Blog
Mobile Apps
Partnerships
Remove Ads and Go Orange
Feedback
Gaming
Video Games
Board Games
Card Games
Pokémon
Mario
Nintendo
Minecraft
Console
Toys
Legend of Zelda
Gaming
Video Games
Board Games
Card Games
Pokémon
Mario
Nintendo
Minecraft
Console
Toys
Legend of Zelda
Random Quiz
Search Sporcle
×
Quiz Lab
Quiz Lab
Gaming
effect
Type in answers that appear in a list
Type in answers that appear in a list
Classic
Best Score? Go Orange.
Mass Effect 3 Literal Stats
Can you name the Mass Effect 3 Literal?
By
Kithsom
15m
300 Questions
352 Plays
352 Plays
352 Plays
Comments
Comments
Give Quiz Kudos
Give Quiz Kudos
-
- Ratings
hide this ad
More Info
Replay
Link that replays current quiz
Next Quiz
Link to next quiz in quiz playlist
You Got
0%
They Got
Avg Score
21%
Avg Friend Score
Upgrade to see
Score Distribution
Jump to the score distribution portion of the page
Score
0/300
Timer
15:00
0
Plays Today
% Correct
she
72.4%
Shepard
54.8%
he
51.4%
he
51.4%
an
47.4%
is
42.9%
is
42.9%
is
42.9%
in
36.9%
in the
36.9%
in
36.9%
in the
36.9%
you
34.1%
you
34.1%
you
34.1%
you
34.1%
you
34.1%
you
34.1%
you
34.1%
you
34.1%
you
34.1%
you
34.1%
you a
34.1%
EA
33.8%
to
33.5%
to
33.5%
to a
33.5%
to
33.5%
to
33.5%
of
33.2%
of
33.2%
of
33.2%
of
33.2%
of
33.2%
of
33.2%
of the
33.2%
on the
33%
on a
33%
on
33%
on
33%
on the
33%
on the
33%
girl
32.7%
girl
32.7%
girl
32.7%
girl
32.7%
it
32.1%
it
32.1%
it
32.1%
are
29%
Mass Effect 3
29%
they
28.4%
EARTH
28.1%
what the
27.6%
this
27.3%
this and
27.3%
for
26.4%
for
26.4%
up
26.1%
up
26.1%
bioware
25.9%
with
25.9%
with
25.9%
with a
25.9%
with
25.9%
with
25.9%
but
25.6%
but
25.6%
then
25%
lit
25%
then
25%
then
25%
all
24.7%
at the
24.7%
at the
24.7%
all the
24.7%
all the
24.7%
that
24.1%
that
24.1%
that
24.1%
that
24.1%
that
24.1%
that
24.1%
ladybug
23.9%
little
23.9%
little
23.9%
the ladybug
23.9%
her
23.9%
her
23.9%
ladybug
23.9%
if
23.6%
shoot
23.6%
shoot
23.6%
fire
23.3%
out
23.3%
out the
23.3%
not
23%
not
23%
one
22.7%
now
22.4%
% Correct
now
22.4%
now
22.4%
robot
22.4%
let the
21.9%
help
21.9%
let
21.9%
let
21.9%
giant
21.6%
giant
21.6%
should
21.6%
death
21.6%
death
21.6%
death
21.6%
death
21.6%
insect
21.6%
insect
21.6%
should
21.6%
normandy
21.6%
turn
21.3%
turn the
21.3%
shoulder
21.3%
massage
21.3%
shoulder
21.3%
massage
21.3%
shoulder
21.3%
your
21.3%
massage
21.3%
shoulder
21.3%
all
21.2%
land
21%
land
21%
and messed
21%
Don't
21%
don't
21%
don't
21%
fuel
20.7%
awesome
20.7%
zombie
20.5%
zombie
20.5%
sun
20.5%
pissed
20.5%
sun
20.5%
spin
20.2%
Spaceships
20.2%
parents
20.2%
spaceships
20.2%
off
19.9%
humanity
19.9%
gets
19.6%
gets
19.6%
kill
19.6%
gets
19.6%
kill
19.6%
one's
19.3%
got
19.3%
goes
19.3%
imagination
19.3%
push the
19.3%
see
19.3%
see
19.3%
see
19.3%
emergency
19%
flower
19%
burn
19%
flew
18.8%
song
18.8%
confused
18.8%
ground
18.8%
too
18.8%
where
18.8%
confused
18.8%
ground
18.8%
when
18.8%
when
18.8%
BACK
18.8%
girl's
18.5%
can't
18.5%
stands
18.5%
down
18.5%
down
18.5%
down
18.5%
brace
18.2%
dead
18.2%
chase the
17.9%
music
17.9%
chase the
17.9%
bug
17.9%
ahead and
17.6%
yourself
17.3%
every
17.3%
dark
17.3%
TAKE
17.3%
ahead
17.3%
Burning
17%
away
17%
sunflower
17%
toy
17%
he's
16.8%
start
16.8%
his
16.8%
% Correct
them
16.8%
ladybugs
16.5%
LED
16.5%
explosions
16.5%
ladybugs
16.5%
EXPLOSIONS
16.5%
or
16.5%
these
16.2%
side
16.2%
side
16.2%
field
16.2%
to be
15.9%
to be
15.9%
blinded
15.6%
and there's
15.6%
there's
15.6%
behind
15.6%
helmets
15.6%
loving
15.3%
lands
15.3%
flowers
15.3%
bellybutton
15.3%
head
15.3%
my
15.3%
shot
15.1%
spotlight
15.1%
late
15.1%
front
15.1%
around
15.1%
started
15.1%
robot-insect-aliens
14.8%
people
14.8%
probably
14.8%
deep
14.8%
it's the
14.8%
robot-insect-aliens
14.8%
probably
14.8%
i'll
14.8%
insects
14.5%
they're
14.5%
they''re
14.5%
deadly
14.5%
tissue
14.5%
had
14.5%
looks
14.5%
looks
14.5%
hell
14.5%
fall
14.2%
bright
14.2%
weapon
14.2%
faces
14.2%
Seth Green
14.2%
give
14.2%
first
13.9%
a laserbeam
13.6%
laserbeam
13.6%
free
13.6%
life-forms
13.6%
zombies
13.6%
scared
13.6%
seen the
13.6%
wear
13.6%
buildings
13.4%
ready
13.4%
sunflowers
13.4%
upside
13.1%
evil
13.1%
omni-uppercut
13.1%
begun
12.8%
angered
12.8%
looking
12.8%
robotic
12.5%
haven't
12.5%
foot
12.5%
bullets
12.5%
bullets
12.5%
flashback
12.2%
something
12.2%
everything
12.2%
guy
12.2%
flying
12.2%
blots
11.9%
chased
11.9%
fade
11.9%
making
11.9%
you're
11.6%
robo-zombies
11.4%
makes
11.4%
black
11.4%
couldn't
11.4%
more
11.1%
unphased
10.8%
shoulders
10.8%
ATTACK
10.8%
while the
10.5%
omni-lowercut
9.9%
watching
9.7%
we'll
9.4%
walks
9.4%
leaders
9.1%
Quiz Playlist
Details
Report
Send in Message
Add To Playlist
More Info:
Lyrics to the Tobuscus's literal Trailer for Mass Effect 3
Classic:
Type in answers that appear in a list
Last Updated: Feb 16, 2017
Quiz Scoreboard
CHALLENGE
Sign Up to Join the Scoreboard
Show All
Scores
Hide
Comments
May contain spoilers
Recently Published
Billboard Blitz: Fleetwood Mac
by CooCooCachoo
Music
15s
Presidents Visiting Landmarks
by Hejman
History
7m
An Introduction to Baseball
by treessimontrees
Sports
5m
More to Explore
Quiz From the Vault
Featured Blog Post
Where Did the Easter Bunny Come From?
hide this ad
You Might Also Like...
Tags
effect
Literal
mass
three
Today's Top Quizzes in Gaming
Browse Gaming
hide this ad
Today's Top Quizzes in effect
Browse effect
Top Contributed Quizzes in Gaming
1
5-to-1: Consoles
2
7-to-1: Board Game Piece Blitz
3
5-to-1: Legend of Zelda
4
Destiny 2 exotic weapons by perk icons
5
League of Legends Pro Players by Career/Team History
6
Ultimate Genshin Impact Logic Puzzle (up to 4.3)
7
Franchise by Action Figure
8
Genshin Impact Logic Puzzle Quiz
9
Who's on the WWE 2K24 Cover?
10
Overwatch Logic Puzzle
Explore More
Trending Topics
NBA
Anime
Disney
Crossword
Marvel
Harry Potter
Kpop
Soccer
Country
Pokémon
The Office
Song
Puzzle
WWE
NFL
hide this ad
More By:
Kithsom
Quiz
Plays
Rating
Category
Featured
Created
Skyrim: The Elder Scrolls V Literal
1,077
1.43
Gaming
May 14, 2012
Assassins Creed Brotherhood literal
426
5.00
Gaming
Mar 10, 2012
Mass Effect 3 Literal
352
2.14
Gaming
Apr 26, 2012
Assassins Creed revalations literal
225
5.00
Gaming
Apr 26, 2012
Iron Man 3 Literal
202
5.00
Just For Fun
Jan 22, 2013
Go to Creator's Profile
Score Distribution
Quiz Creator Spotlight
Kithsom
Follow
Send a Message
Quizzes Created
-
Created Quiz Play Count
-
More By This Creator
Popular Quizzes Today
1
Find the US States - No Outlines Minefield
2
Find the Countries of Europe - No Outlines Minefield
3
The Countries of the World
4
Find the US States
5
US States
6
Popular People in 1961
7
Risky Map Clicking: Biggest States A-Z
8
Movies - When Are They Set?
More Gaming Quizzes
FGO Class Icons
Quiz Lab
Trending Quizzes
Risky Map Clicking: Least Populous States A-Z
1-10 Letter G Words
1-10 Letter F Words
Risky Map Clicking: Next State Alphabetically
Risky Map Clicking: Biggest States A-Z
Recently Updated
Leaping Animals
pecheneg
Reality TV Shows (A-Z)
bhenderson79
Rickey Henderson's Hall of Fame Teammates
pecheneg
Champions League XIs: Arsenal
pecheneg
Quick Pick: Celebrities in WWE's Hall of Fame
aduchscher
A-Z Keypad Blitz II
pecheneg
Multiple Oscar Actors
pecheneg
Mystery Phrase Blitz: Oscar 'Best Actors'
pecheneg
F. Scott Fitzgerald Novels
LTH
Pick 3 Villains
ddd62291
Trending Topics
Crossword
NBA
Marvel
Disney
Anime
Harry Potter
Kpop
Pokémon
The Office
Country
Puzzle
Song
WWE
Soccer
NFL
Your Account Isn't Verified!
In order to create a playlist on Sporcle, you need to verify the email address you used during registration. Go to your
Sporcle Settings
to finish the process.
Report this User
Report this user for behavior that violates our
Community Guidelines
.
Details:
Send Report
Go to the Sporcle.com Mobile Site →
Comments